000 00625cam a2200229 a 4500
001 1964601
005 20180215031721.0
008 880413s1989 ilua b 001 0 eng c
010 _a 88014239
020 _a0815105142
040 _aDNLM/DLC
_cDLC
_dDLC
041 _aeng
060 _aWI 141 D569
080 _a616.3
082 0 0 _a616.3 BAR
_219
100 _a4
101 _aSHM
245 0 0 _aDifficult decisions in digestive diseases /
_c[edited by] Jamie S. Barkin, Arvey I. Rogers.
504 _aIncludes bibliographies and index.
906 _a7
_bcbc
_corignew
_d1
_eocip
_f19
_gy-gencatlg
942 _2ddc
_cBK
999 _c42548
_d42548